movies with time in the title - Statistics

General Stats
  • This quiz has been taken 49 times
  • The average score is 11 of 15
Answer Stats
title starring year time % Correct
Independence ___ Will Smith 1996 Day
100%
______ the 13th Kevin Bacon 1980 Friday
100%
Rush ____ Jackie Chan 1998 Hour
98%
Good _______ Vietnam Robin Williams 1987 Morning
90%
One Thousand ____s of Longing Tilda Swinton 2022 Year
86%
The Hunt for Red _______ Sean Connery 1990 October
83%
Dog Day _________ Al Pacino 1975 Afternoon
81%
________ Cowboy Jon Voight 1969 Midnight
81%
From Here to ________ Montgomery Clift 1953 Eternity
76%
High ____ Grace Kelly 1952 Noon
76%
The _____ of the Hunter Robert Mitchum 1955 Night
67%
A Man For All ______s Paul Scofield 1966 Season
64%
________land George Clooney 2015 Tomorrow
50%
Crimes of the ______ Kristin Stewart 2022 Future
26%
_________ Himesh Patel 2019 Yesterday
26%
No matching quizzes found
Score Distribution
Percent of People with Each Score
Percentile by Number Answered
Your Score History
You have not taken this quiz